Normal view MARC view

Entry Personal Name

Number of records used in: 1

001 - CONTROL NUMBER

  • control field: 1170601

003 - CONTROL NUMBER IDENTIFIER

  • control field: OSt

005 - DATE AND TIME OF LATEST TRANSACTION

  • control field: 20260324123519.0

008 - FIXED-LENGTH DATA ELEMENTS

  • fixed length control field: 260324|| aca||aabn | a|a d

040 ## - CATALOGING SOURCE

  • Original cataloging agency: OSt
  • Transcribing agency: OSt

100 ## - HEADING--PERSONAL NAME

  • Personal name: Kostas Gouliamos; Christos Kassimeris

670 ## - SOURCE DATA FOUND

  • Source citation: Work cat.: (OSt)1764184: Kostas Gouliamos; Christos Kassimeris, The Marketing of War in the Age of Neo-Militarism
Copyright @ Delhi University Library System